First time Europe : written and researched by Louis Casabianca
| Main Author: | |
|---|---|
| Format: | Book |
| Published: |
London :
Routledge Guide ,
2000
|
| Series: | Routledge advances in tourism; n. 5
|
| Subjects: |
MARC
| LEADER | 00000cam a2200000 7i4500 | ||
|---|---|---|---|
| 001 | 0000004096 | ||
| 005 | 20160420.0 | ||
| 020 | 0 | 0 | |a 9781843530459 |
| 090 | 0 | 0 | |a 940 |b CAS |
| 100 | 1 | 0 | |a Casabianca, Louis |
| 245 | 1 | 0 | |a First time Europe : |b written and researched by Louis Casabianca |
| 260 | 0 | 0 | |a London : |b Routledge Guide , |c 2000 |
| 300 | |a xvi, 245 pages. : |b ill.col ; |c 20cm. | ||
| 440 | 0 | 0 | |a Routledge advances in tourism; n. 5 |
| 500 | 0 | 0 | |a Includes index |
| 650 | 0 | 0 | |a Europe---Guide book |
| 998 | |a JPSM | ||
| 999 | |a 007950 |b Monograph |c Open Shelf |e Default branch | ||